<?xml version="1.0" encoding="UTF-8"?>
<record
    xmlns:xsi="http://www.w3.org/2001/XMLSchema-instance"
    xsi:schemaLocation="http://www.loc.gov/MARC21/slim http://www.loc.gov/standards/marcxml/schema/MARC21slim.xsd"
    xmlns="http://www.loc.gov/MARC21/slim">

  <leader>01694    a2200277   4500</leader>
  <controlfield tag="003">NALT</controlfield>
  <controlfield tag="005">20240930133713.0</controlfield>
  <controlfield tag="008">180726b        th ||||| |||| 00| 0 tha d</controlfield>
  <datafield tag="020" ind1=" " ind2=" ">
    <subfield code="a">9786167202891</subfield>
  </datafield>
  <datafield tag="040" ind1=" " ind2=" ">
    <subfield code="a">NALT</subfield>
  </datafield>
  <datafield tag="041" ind1="1" ind2=" ">
    <subfield code="a">tha</subfield>
    <subfield code="h">eng</subfield>
  </datafield>
  <datafield tag="050" ind1=" " ind2=" ">
    <subfield code="a">DS 568</subfield>
    <subfield code="b">&#xE23;765&#xE04; 2561</subfield>
  </datafield>
  <datafield tag="100" ind1="1" ind2=" ">
    <subfield code="a">&#xE40;&#xE23;&#xE22;&#xE4C;&#xE42;&#xE19;&#xE25;&#xE14;&#xE4C;&#xE2A;, &#xE40;&#xE04;&#xE23;&#xE01; &#xE40;&#xE08;. </subfield>
    <subfield code="9">29695</subfield>
  </datafield>
  <datafield tag="245" ind1="1" ind2="0">
    <subfield code="a">&#xE04;&#xE27;&#xE32;&#xE21;&#xE04;&#xE34;&#xE14;&#xE41;&#xE2B;&#xE27;&#xE01;&#xE41;&#xE19;&#xE27;&#xE02;&#xE2D;&#xE07;&#xE44;&#xE17;&#xE22;&#xE08;&#xE34;&#xE15;&#xE23; &#xE20;&#xE39;&#xE21;&#xE34;&#xE28;&#xE31;&#xE01;&#xE14;&#xE34;&#xE4C;&#xE41;&#xE25;&#xE30;&#xE42;&#xE09;&#xE21;&#xE2B;&#xE19;&#xE49;&#xE32;&#xE28;&#xE31;&#xE01;&#xE14;&#xE34;&#xE19;&#xE32;&#xE44;&#xE17;&#xE22;&#xE43;&#xE19;&#xE1B;&#xE31;&#xE08;&#xE08;&#xE38;&#xE1A;&#xE31;&#xE19; =</subfield>
    <subfield code="b">Thai radical discourse : the real face of Thai feudalism today / </subfield>
    <subfield code="c">&#xE40;&#xE04;&#xE23;&#xE47;&#xE01; &#xE40;&#xE08;. &#xE40;&#xE23;&#xE22;&#xE4C;&#xE42;&#xE19;&#xE25;&#xE14;&#xE2A;&#xE4C;, &#xE1C;&#xE39;&#xE49;&#xE40;&#xE02;&#xE35;&#xE22;&#xE19; ; &#xE2D;&#xE31;&#xE0D;&#xE0A;&#xE25;&#xE35; &#xE2A;&#xE38;&#xE2A;&#xE32;&#xE22;&#xE31;&#xE13;&#xE2B;&#xE4C; &#xE1C;&#xE39;&#xE49;&#xE41;&#xE1B;&#xE25;, &#xE19;&#xE34;&#xE18;&#xE34; &#xE40;&#xE2D;&#xE35;&#xE22;&#xE27;&#xE28;&#xE23;&#xE35;&#xE27;&#xE07;&#xE28;&#xE4C;, &#xE1A;&#xE23;&#xE23;&#xE13;&#xE32;&#xE18;&#xE34;&#xE01;&#xE32;&#xE23;&#xE41;&#xE1B;&#xE25;.</subfield>
  </datafield>
  <datafield tag="250" ind1=" " ind2=" ">
    <subfield code="a">&#xE1E;&#xE34;&#xE21;&#xE1E;&#xE4C;&#xE04;&#xE23;&#xE31;&#xE49;&#xE07;&#xE17;&#xE35;&#xE48; 2.</subfield>
  </datafield>
  <datafield tag="260" ind1=" " ind2=" ">
    <subfield code="a">&#xE01;&#xE23;&#xE38;&#xE07;&#xE40;&#xE17;&#xE1E;&#xE2F; :</subfield>
    <subfield code="b">&#xE21;&#xE39;&#xE25;&#xE19;&#xE34;&#xE18;&#xE34;&#xE42;&#xE04;&#xE23;&#xE07;&#xE01;&#xE32;&#xE23;&#xE15;&#xE33;&#xE23;&#xE32;&#xE2A;&#xE31;&#xE07;&#xE04;&#xE21;&#xE28;&#xE32;&#xE2A;&#xE15;&#xE23;&#xE4C;&#xE41;&#xE25;&#xE30;&#xE21;&#xE19;&#xE38;&#xE29;&#xE22;&#xE28;&#xE32;&#xE2A;&#xE15;&#xE23;&#xE4C;</subfield>
    <subfield code="c">2561.</subfield>
  </datafield>
  <datafield tag="300" ind1=" " ind2=" ">
    <subfield code="a">326 &#xE2B;&#xE19;&#xE49;&#xE32; :</subfield>
    <subfield code="b">&#xE20;&#xE32;&#xE1E;&#xE1B;&#xE23;&#xE30;&#xE01;&#xE2D;&#xE1A; ;</subfield>
    <subfield code="c">21 &#xE0B;&#xE21;.</subfield>
  </datafield>
  <datafield tag="600" ind1="0" ind2="4">
    <subfield code="a">&#xE08;&#xE34;&#xE15;&#xE23; &#xE20;&#xE39;&#xE21;&#xE34;&#xE28;&#xE31;&#xE01;&#xE14;&#xE34;&#xE4C;</subfield>
    <subfield code="x">&#xE0A;&#xE35;&#xE27;&#xE1B;&#xE23;&#xE30;&#xE27;&#xE31;&#xE15;&#xE34;</subfield>
    <subfield code="9">29699</subfield>
  </datafield>
  <datafield tag="650" ind1=" " ind2="4">
    <subfield code="9">29691</subfield>
    <subfield code="a">&#xE28;&#xE31;&#xE01;&#xE14;&#xE34;&#xE19;&#xE32; </subfield>
    <subfield code="z">&#xE44;&#xE17;&#xE22; </subfield>
  </datafield>
  <datafield tag="651" ind1=" " ind2="4">
    <subfield code="a">&#xE44;&#xE17;&#xE22;</subfield>
    <subfield code="x">&#xE01;&#xE32;&#xE23;&#xE40;&#xE21;&#xE37;&#xE2D;&#xE07;&#xE41;&#xE25;&#xE30;&#xE01;&#xE32;&#xE23;&#xE1B;&#xE01;&#xE04;&#xE23;&#xE2D;&#xE07;</subfield>
    <subfield code="x">&#xE27;&#xE34;&#xE08;&#xE32;&#xE23;&#xE13;&#xE4C;</subfield>
    <subfield code="9">485</subfield>
  </datafield>
  <datafield tag="700" ind1="0" ind2=" ">
    <subfield code="a">&#xE2D;&#xE31;&#xE0D;&#xE0A;&#xE25;&#xE35; &#xE2A;&#xE38;&#xE2A;&#xE32;&#xE22;&#xE31;&#xE13;&#xE2B;&#xE4C;</subfield>
    <subfield code="9">29697</subfield>
  </datafield>
  <datafield tag="700" ind1="0" ind2=" ">
    <subfield code="a">&#xE19;&#xE34;&#xE18;&#xE34; &#xE40;&#xE2D;&#xE35;&#xE22;&#xE27;&#xE28;&#xE23;&#xE35;&#xE27;&#xE07;&#xE28;&#xE4C;</subfield>
    <subfield code="9">12152</subfield>
  </datafield>
  <datafield tag="850" ind1=" " ind2=" ">
    <subfield code="a">NALT</subfield>
  </datafield>
  <datafield tag="942" ind1=" " ind2=" ">
    <subfield code="2">lcc</subfield>
    <subfield code="c">GB</subfield>
  </datafield>
  <datafield tag="996" ind1=" " ind2=" ">
    <subfield code="a">saiphon.d</subfield>
    <subfield code="b">CATSTF	</subfield>
    <subfield code="c">2024-09-30</subfield>
  </datafield>
  <datafield tag="999" ind1=" " ind2=" ">
    <subfield code="c">94905</subfield>
    <subfield code="d">94905</subfield>
  </datafield>
  <datafield tag="998" ind1=" " ind2=" ">
    <subfield code="j">104</subfield>
    <subfield code="k"> &#xE19;&#xE32;&#xE07;&#xE2A;&#xE32;&#xE27;&#xE2A;&#xE32;&#xE22;&#xE1D;&#xE19;  &#xE14;&#xE35;&#xE07;&#xE32;&#xE21;</subfield>
  </datafield>
  <datafield tag="952" ind1=" " ind2=" ">
    <subfield code="0">0</subfield>
    <subfield code="1">0</subfield>
    <subfield code="2">lcc</subfield>
    <subfield code="4">0</subfield>
    <subfield code="7">0</subfield>
    <subfield code="8">CGBL</subfield>
    <subfield code="a">NALT</subfield>
    <subfield code="b">NALT</subfield>
    <subfield code="c">GEN</subfield>
    <subfield code="d">2018-07-20</subfield>
    <subfield code="e">54</subfield>
    <subfield code="l">0</subfield>
    <subfield code="o">DS 568 &#xE23;765&#xE04; 2561</subfield>
    <subfield code="p">3961208526</subfield>
    <subfield code="r">2018-08-07 00:00:00</subfield>
    <subfield code="w">2018-07-20</subfield>
    <subfield code="y">GB</subfield>
  </datafield>
</record>
